ESPN's Top 100 NHL Players 2021-22 - Statistics

General Stats
  • This quiz has been taken 454 times
  • The average score is 67 of 100
Answer Stats
# Change Team / Pos. Player % Correct
1 Oilers / C Connor McDavid
99%
3 4 ↑ Maple Leafs / C Auston Matthews
97%
2 Avalanche / C Nathan MacKinnon
96%
11 3 ↓ Penguins / C Sidney Crosby
96%
6 2 ↓ Oilers / C Leon Draisaitl
95%
5 17 ↑ Avalanche / D Cale Makar
94%
15 6 ↓ Capitals / LW Alex Ovechkin
93%
14 4 ↑ Maple Leafs / RW Mitch Marner
93%
9 11 ↑ Bruins / LW Brad Marchand
92%
22 7 ↓ Blackhawks / RW Patrick Kane
92%
7 4 ↓ Lightning / D Victor Hedman
91%
17 NR Lightning / RW Nikita Kucherov
90%
8 NR Rangers / D Adam Fox
89%
4 31 ↑ Panthers / C Aleksander Barkov
89%
13 7 ↓ Rangers / LW Artemi Panarin
89%
10 5 ↓ Lightning / G Andrei Vasilevskiy
88%
24 12 ↓ Predators / D Roman Josi
87%
19 5 ↓ Lightning / C Brayden Point
86%
16 5 ↑ Canucks / C Elias Pettersson
86%
18 15 ↑ Islanders / C Mathew Barzal
86%
12 13 ↑ Avalanche / RW Mikko Rantanen
86%
21 55 ↑ Bruins / D Charlie McAvoy
84%
20 NR Wild / LW Kirill Kaprizov
84%
23 Golden Knights / RW Mark Stone
84%
33 7 ↓ Bruins / C Patrice Bergeron
84%
29 2 ↓ Hurricanes / C Sebastian Aho
84%
25 15 ↓ Bruins / RW David Pastrňák
83%
55 25 ↓ Lightning / C Steven Stamkos
83%
44 NR Devils / C Jack Hughes
82%
59 31 ↓ Canucks / D Quinn Hughes
81%
37 34 ↑ Kings / C Anže Kopitar
80%
28 17 ↓ Jets / G Connor Hellebuyck
80%
38 28 ↑ Kings / D Drew Doughty
79%
52 21 ↓ Maple Leafs / C John Tavares
79%
83 NR Blackhawks / G Marc-André Fleury
79%
50 NR Senators / LW Brady Tkachuk
77%
32 60 ↑ Rangers / G Igor Shesterkin
77%
36 22 ↑ Penguins / D Kris Letang
77%
31 31 ↑ Jets / LW Kyle Connor
77%
49 2 ↓ Flames / LW Matthew Tkachuk
77%
42 19 ↑ Panthers / LW Jonathan Huberdeau
75%
30 1 ↓ Rangers / C Mika Zibanejad
75%
43 24 ↑ Avalanche / LW Gabriel Landeskog
73%
34 14 ↑ Devils / D Dougie Hamilton
71%
53 36 ↓ Capitals / D John Carlson
71%
27 11 ↑ Jets / C Mark Scheifele
71%
51 NR Panthers / D Aaron Ekblad
69%
91 67 ↓ Penguins / C Evgeni Malkin
69%
60 15 ↓ Ducks / G John Gibson
69%
26 11 ↑ Stars / D Miro Heiskanen
69%
57 37 ↑ Maple Leafs / RW William Nylander
69%
47 3 ↓ Blues / C Ryan O'Reilly
68%
35 19 ↓ Golden Knights / D Alex Pietrangelo
66%
58 6 ↑ Flames / G Jacob Markström
66%
62 NR Canadiens / C Nick Suzuki
65%
41 NR Canucks / G Thatcher Demko
65%
48 40 ↑ Hurricanes / RW Andrei Svechnikov
62%
92 56 ↓ Canadiens / G Carey Price
62%
72 NR Predators / G Juuse Saros
62%
40 2 ↑ Golden Knights / D Shea Theodore
62%
90 NR Oilers / D Darnell Nurse
61%
75 7 ↑ Blues / G Jordan Binnington
61%
84 7 ↑ Capitals / C Nicklas Bäckström
61%
67 26 ↑ Canucks / RW Brock Boeser
60%
79 10 ↑ Penguins / LW Jake Guentzel
60%
77 23 ↓ Stars / C Tyler Seguin
60%
69 1 ↓ Flyers / C Claude Giroux
59%
39 14 ↑ Golden Knights / G Robin Lehner
59%
97 14 ↓ Canucks / C Bo Horvat
57%
54 NR Kraken / G Philipp Grubauer
56%
63 15 ↑ Avalanche / G Darcy Kuemper
55%
73 30 ↓ Maple Leafs / D Morgan Rielly
55%
45 NR Oilers / LW Zach Hyman
55%
96 NR Red Wings / C Dylan Larkin
54%
95 76 ↓ Blackhawks / D Seth Jones
53%
100 43 ↓ Blue Jackets / LW Patrik Laine
52%
93 21 ↓ Blues / RW Vladimir Tarasenko
52%
74 NR Canadiens / RW Cole Caufield
51%
99 NR Stars / LW Jason Robertson
50%
61 NR Capitals / RW T.J. Oshie
49%
68 12 ↑ Lightning / D Mikhail Sergachev
48%
76 NR Blackhawks / LW Alex DeBrincat
47%
86 46 ↓ Blue Jackets / D Zach Werenski
47%
56 NR Coyotes / D Jakob Chychrun
46%
64 NR Golden Knights / C Jonathan Marchessault
45%
66 19 ↑ Islanders / G Semyon Varlamov
45%
89 37 ↓ Senators / D Thomas Chabot
45%
82 43 ↓ Bruins / LW Taylor Hall
44%
81 NR Islanders / LW Anders Lee
43%
46 NR Blue Jackets / G Elvis Merzļikins
43%
65 NR Panthers / G Spencer Knight
41%
85 12 ↓ Golden Knights / LW Max Pacioretty
40%
78 NR Jets / LW Nikolaj Ehlers
40%
98 3 ↓ Flyers / D Ivan Provorov
38%
87 NR Oilers / D Tyson Barrie
32%
88 NR Wild / G Cam Talbot
31%
94 NR Panthers / D MacKenzie Weegar
29%
70 28 ↑ Lightning / D Ryan McDonagh
29%
71 11 ↓ Flyers / D Ryan Ellis
28%
80 NR Islanders / D Ryan Pulock
24%
No matching quizzes found
Score Distribution
Percent of People with Each Score
Percentile by Number Answered
Your Score History
You have not taken this quiz